[Event "Nice olm fin-A"]
[Site "Nice"]
[Date "1974.??.??"]
[Round "9"]
[White "Poutiainen, Pertti"]
[Black "Gheorghiu, Florin"]
[Result "1/2-1/2"]
[WhiteElo "2200"]
[BlackElo "2540"]

1.e4 c5 2.Nf3 e6 3.d4 cxd4 4.Nxd4 a6 5.Nc3 Qc7 6.g3 Bb4 7.Ne2 Nf6 8.Bg2 Be7
9.O-O Nc6 10.h3 O-O 11.g4 d5 12.exd5 Rd8 13.Bf4 Bd6 14.Bg5 Be7 15.Qc1 Nxd5
16.Nxd5 exd5 17.Bxe7 Qxe7 18.Re1 Be6 19.Nf4 Qf6 20.c3 Rd6 21.Qe3 Rad8 22.Ne2 d4
23.Nxd4 Nxd4 24.cxd4 h5 25.g5 Qxd4 26.Qxd4 Rxd4 27.Bxb7 a5 28.Bg2 Rb8 29.b3 Rb5
30.g6 Rg5 31.gxf7+ Kxf7 32.Re3 h4 33.Kh2 Rd2 34.Rf3+ Kg8 35.Rf4 Re5 36.Rxh4 Rxf2
37.Kg3 Rd2 38.Bf3 Rc5 39.Re1 Rg5+ 40.Kf4 Rf5+ 41.Kg3 Rg5+  1/2-1/2

[Event "Nice olm fin-B"]
[Site "Nice"]
[Date "1974.??.??"]
[Round "13"]
[White "Kostro, Jerzy"]
[Black "Janetschek, Karl"]
[Result "1/2-1/2"]
[WhiteElo "2385"]
[BlackElo "2335"]

1.e4 c5 2.Nf3 e6 3.d4 cxd4 4.Nxd4 a6 5.Nc3 d6 6.Be2 Be7 7.Be3 Nf6 8.f4 Qc7
9.Bf3 Nbd7 10.Qe2 Nb6 11.O-O-O Nc4 12.g4 Nxe3 13.Qxe3 Qc5 14.Qe2 g6 15.g5 Nd7
16.h4 Nb6 17.h5 Rf8 18.Rhe1 Bd7 19.Nd5 exd5 20.exd5 O-O-O 21.Qxe7 Rfe8 22.Qf6 Nxd5
23.Bxd5 Qxd5 24.Ne6 Qa5 25.Qxf7 Bxe6 26.Rxe6 Qxa2 27.Qxe8 Rxe8 28.Rxe8+ Kd7
29.Rh8 Qa1+ 30.Kd2 Qxb2 31.Rxh7+ Kc6 32.hxg6 Qd4+ 33.Kc1 Qxf4+ 34.Kb2 Qe5+
35.Kb3 Qe6+ 36.Kb2 Qe5+ 37.Kb3 Qb5+ 38.Kc3  1/2-1/2

[Event "Rubinstein mem"]
[Site "Polanica Zdroj"]
[Date "1974.??.??"]
[Round "3"]
[White "Garcia Martinez, Silvino"]
[Black "Lombard, Andre"]
[Result "1/2-1/2"]
[WhiteElo "2400"]
[BlackElo "2410"]

1.e4 c5 2.Nf3 e6 3.Nc3 a6 4.d4 cxd4 5.Nxd4 d6 6.Be2 Nf6 7.O-O Be7 8.f4 Qc7
9.Be3 O-O 10.Qe1 b5 11.Bf3 Bb7 12.e5 dxe5 13.fxe5 Nfd7 14.Qg3 Bxf3 15.Nxf3 Bc5
16.Rae1 Bxe3+ 17.Rxe3 Qb6 18.Nd1 Nc6 19.Kh1 Ne7 20.Re4 Rac8 21.Nd4 Ng6 22.c3 Qb8
23.Rfe1 Rc5 24.Nf3 Rd5 25.Ne3 Rd3 26.Nc2 Nc5 27.R4e2 Rd7 28.Ncd4  1/2-1/2

[Event "Rubinstein mem"]
[Site "Polanica Zdroj"]
[Date "1974.??.??"]
[Round "7"]
[White "Nicevski, Risto"]
[Black "Lombard, Andre"]
[Result "1/2-1/2"]
[WhiteElo "2430"]
[BlackElo "2410"]

1.e4 c5 2.Nc3 e6 3.Nf3 a6 4.d4 cxd4 5.Nxd4 d6 6.f4 Nf6 7.Qf3 Be7 8.Be3 Nc6
9.Bc4 O-O 10.O-O-O Bd7 11.Bb3 Qc7 12.g4 Nxd4 13.Rxd4 e5 14.Rd2 exf4 15.Qxf4 Be6
16.g5 Nh5 17.Qf3 g6 18.Nd5 Qd8 19.Rg1 b5 20.Bb6 Qd7 21.Bd4 Bxd5 22.Bxd5 Rac8
23.Rdg2 Ng7 24.Rf1 Ne6 25.Qh3 Rc7 26.Rxf7 Rxf7 27.Bxe6 Qe8 28.Rg3 h5 29.gxh6 Kh7
30.Bf5 Bg5+ 31.Rxg5 Rxf5 32.Rxf5 Qxe4 33.c3 Qxf5 34.Qe3 Qf7 35.b3 Re7 36.Qd3 Qf4+
37.Kb2 Qxh2+ 38.Ka3 Qe2 39.Qh3 Qe6 40.Qf3 Qf5 41.Qa8 Kxh6 42.Qxa6 Qd5 43.Qc8 Rf7
44.Qh3+ Kg5 45.Qg3+ Kh5  1/2-1/2

[Event "Rubinstein mem"]
[Site "Polanica Zdroj"]
[Date "1974.??.??"]
[Round "12"]
[White "Kirov, Nino"]
[Black "Farago, Ivan"]
[Result "1/2-1/2"]
[WhiteElo "2465"]
[BlackElo "2475"]

1.e4 c5 2.Nf3 e6 3.d4 cxd4 4.Nxd4 a6 5.Nc3 Qc7 6.g3 Nc6 7.Bg2 Nf6 8.O-O Be7
9.a4 O-O 10.Nb3 d6 11.a5 Bd7 12.f4 b5 13.axb6 Qxb6+ 14.Kh1 Rac8 15.Qf3 Nb4  1/2-1/2

[Event "CSR-ch"]
[Site "Rimavska Sobota"]
[Date "1974.??.??"]
[Round "3"]
[White "Prandstetter, Eduard"]
[Black "Sikora Lerch, Jan"]
[Result "1-0"]
[WhiteElo "2355"]
[BlackElo "2200"]

1.e4 c5 2.Nf3 e6 3.d4 cxd4 4.Nxd4 a6 5.Nc3 Nc6 6.Nb3 Nf6 7.Bd3 d5 8.exd5 Nxd5
9.Nxd5 Qxd5 10.O-O Be7 11.c3 O-O 12.Qe2 Qe5 13.Be3 Qc7 14.f4 e5 15.f5 Rd8
16.Rad1 b5 17.Nd2 f6 18.Ne4 Bb7 19.Qf2 Rd5 20.Bb6 Qd7 21.Bc2 Rxd1 22.Rxd1 Qe8
23.Qd2 Bd8 24.Bb3+ Kh8 25.Bxd8 Rxd8 26.Nd6  1-0

[Event "Rimavska Sobota"]
[Site "Rimavska Sobota"]
[Date "1974.??.??"]
[Round "10"]
[White "Tepper, M."]
[Black "Knezevic, Milorad"]
[Result "0-1"]
[WhiteElo "2200"]
[BlackElo "2420"]

1.e4 c5 2.Nf3 a6 3.Nc3 e6 4.d4 cxd4 5.Nxd4 Qc7 6.Bd3 Nc6 7.Nxc6 bxc6 8.O-O d5
9.f4 Nf6 10.Kh1 Be7 11.e5 Nd7 12.Qh5 Nc5 13.Be2 g6 14.Qh6 Bf8 15.Qh3 Bg7
16.b4 Nd7 17.a4 O-O 18.Ba3 Re8 19.b5 Nxe5 20.fxe5 Qxe5 21.Qf3 Qf5 22.Rac1 Qxf3
23.Bxf3 Bxc3 24.bxc6 a5 25.Rb1 Ba6 26.Rfd1 Rec8 27.Rb6 Be5 28.Bc5 Bc7 29.Rb7 Bd8
30.Rxd5 exd5 31.Bxd5 Bc7 32.c4 Rab8 33.g3 Rxb7 34.cxb7 Rb8  0-1

[Event "CSR-ch"]
[Site "Rimavska Sobota"]
[Date "1974.??.??"]
[Round "13"]
[White "Plachetka, Jan"]
[Black "Kupka, Slavoj"]
[Result "1/2-1/2"]
[WhiteElo "2405"]
[BlackElo "2360"]

1.e4 c5 2.Nf3 e6 3.d4 cxd4 4.Nxd4 a6 5.Nc3 Qc7 6.Be2 Nc6 7.f4 d6 8.Be3 Nf6
9.O-O Be7 10.a4 O-O 11.Nb3 b6 12.Bf3 Rb8 13.Qe2 Na5 14.Nd2 Bb7 15.Rad1  1/2-1/2

[Event "Trencianske Teplice"]
[Site "Trencianske Teplice"]
[Date "1974.??.??"]
[Round "12"]
[White "Pavlov, Mircea"]
[Black "Banas, Jan"]
[Result "0-1"]
[WhiteElo "2355"]
[BlackElo "2325"]

1.e4 c5 2.Nf3 e6 3.d4 cxd4 4.Nxd4 a6 5.Nc3 Qc7 6.a3 b5 7.f4 Nc6 8.Be3 Bb7
9.Be2 Rc8 10.Nb3 d6 11.O-O Nf6 12.f5 exf5 13.Rxf5 Be7 14.Rxf6 Bxf6 15.Nd5 Qb8
16.Nxf6+ gxf6 17.Bg4 Rd8 18.Bb6 Ne5 19.Bxd8 Qxd8 20.Bf5 Rg8 21.Kh1 Nc4 22.Qd4 Rg5
23.Rd1 Qe7 24.Nd2 Nxd2 25.Qxd2 d5 26.Re1 dxe4 27.Qf4 Qe5 28.Qxe5+ fxe5 29.Bxe4 Bxe4
30.Rxe4 Kd7 31.c4 Kc6 32.Kg1 bxc4 33.Rxc4+ Kd5 34.b3 Rf5 35.Rc1 Kd4 36.b4 e4
37.a4 e3 38.Ra1 Kc3 39.b5 axb5 40.a5 b4 41.a6 e2 42.Re1 Ra5 43.Kf2 b3  0-1

[Event "Vejle op"]
[Site "Vejle"]
[Date "1974.??.??"]
[Round "2"]
[White "Sorensen, Ta"]
[Black "Hjort, H."]
[Result "1/2-1/2"]
[WhiteElo "2200"]
[BlackElo "2200"]

1.e4 c5 2.Nf3 e6 3.d4 cxd4 4.Nxd4 a6 5.Nc3 Qc7 6.a3 Nc6 7.Be2 Nf6 8.O-O b5
9.Kh1 Bb7 10.f4 Nxd4 11.Qxd4 Bc5 12.Qd3 d6 13.Bf3 O-O 14.Be3 Rfd8 15.Rad1 Rac8
16.Bxc5 dxc5 17.Qe3 e5 18.Ne2 Re8 19.f5 Rcd8 20.g4 Nd7 21.Ng3 f6 22.g5 fxg5
23.Qxg5 Nf6 24.h4 Rxd1 25.Rxd1 Rd8 26.Rxd8+ Qxd8 27.Nh5 Qe7 28.Nxf6+ Qxf6
29.Qxf6 gxf6 30.b4  1/2-1/2

[Event "Vejle op"]
[Site "Vejle"]
[Date "1974.??.??"]
[Round "3"]
[White "Nielsen, K."]
[Black "Moller, Lars"]
[Result "1/2-1/2"]
[WhiteElo "2200"]
[BlackElo "2315"]

1.e4 c5 2.Nf3 e6 3.d4 cxd4 4.Nxd4 a6 5.Nc3 Nc6 6.Be2 Nf6 7.O-O Be7 8.Nb3 b5
9.a3 Bb7 10.f4 d6 11.Be3 O-O 12.Bf3 Qc7 13.Qe1 Rac8 14.Qg3 Ba8 15.Rae1 b4
16.axb4 Nxb4 17.Re2 Kh8 18.Kh1 Qb8 19.Nd4 Nc6 20.Nxc6 Bxc6 21.Bc1 Bb5 22.Nxb5 Qxb5
23.c3 Nxe4 24.Qe1 Nf6 25.Re3 d5 26.Be2 Qa4 27.Bd3 d4 28.cxd4 Rcd8 29.f5 Rxd4
30.fxe6 fxe6 31.Rxe6 Rxd3 32.Rxe7 Rfd8 33.Qf2 Rd1 34.Ree1 Rxe1 35.Qxe1 h6
36.h3 Ne4 37.Bf4 Qc2 38.Kh2 Re8 39.Qc1 Qxc1 40.Rxc1  1/2-1/2

[Event "CSR-ch"]
[Site "Brno"]
[Date "1975.??.??"]
[Round "9"]
[White "Lanc, Alois"]
[Black "Suetin, Alexey S"]
[Result "0-1"]
[WhiteElo "2220"]
[BlackElo "2520"]

1.e4 c5 2.Nf3 e6 3.d4 cxd4 4.Nxd4 a6 5.Nc3 Qc7 6.Be2 Nf6 7.O-O Bb4 8.Qd3 Nc6
9.Nxc6 bxc6 10.Bg5 d5 11.f4 Bb7 12.f5 O-O 13.Bxf6 gxf6 14.Qh3 Kh8 15.Qh6 Qe5
16.Bf3 Rg8 17.exd5 exd5 18.Rae1 Qd6 19.Kh1 a5 20.Rd1 Bxc3 21.bxc3 Rae8 22.Rfe1 Bc8
23.Bh5 Re7 24.Rf1 Qe5 25.h4 Bxf5 26.Rd2 Bg6 27.Re2 Qd6 28.Rxe7 Qxe7 29.Bf3 Bxc2
30.Rf2 Qe1+ 31.Kh2 Qe5+ 32.Kh1 Bg6 33.Re2 Qxc3 34.Re7 Qb4 35.Rd7 Qe1+ 36.Kh2 Qe5+
37.Kh1 Qe6 38.Rb7 Be4 39.Bxe4 dxe4 40.Qh5 Qxa2  0-1

[Event "BUL-ch"]
[Site "?"]
[Date "1975.??.??"]
[Round "3"]
[White "Antonov, Vladimir"]
[Black "Peev, Peicho Chonev"]
[Result "1/2-1/2"]
[WhiteElo "2265"]
[BlackElo "2450"]

1.e4 c5 2.Nf3 e6 3.d4 cxd4 4.Nxd4 a6 5.Nc3 d6 6.Bd3 Nf6 7.O-O Be7 8.Be3 O-O
9.f4 Nbd7 10.Qf3 Qc7 11.Rae1 g6 12.Rf2 b5 13.a3 Bb7 14.g4 e5 15.Nde2 exf4
16.Qxf4 Ne5 17.h3 Ne8 18.Ref1 Ng7 19.Qh2 Ne6 20.Nf4 Nxf4 21.Qxf4 Qd7 22.Qg3 Rac8
23.Bd4 Qd8 24.Rg2 Bh4 25.Qf4 Qg5 26.Qxg5 Bxg5 27.Re2 Rfe8 28.Kh2 Nc4 29.Nb1 Re6
30.b3 Ne5 31.Nc3 Re7 32.Rff2 Bh4 33.Rf1 Bg5 34.Kg3 Nxd3 35.cxd3 Rec7 36.Na2 d5
37.e5 Be7 38.b4 Rc6 39.Rb1 R8c7 40.Rb3 Bc8 41.Rc3 Rxc3 42.Nxc3 Be6 43.Rb2 Rc6
44.Ne2 h5 45.Rb3 Rc2 46.Rb2 Rc8 47.Rb3 hxg4 48.hxg4 Bg5 49.Rc3 Rxc3 50.Bxc3 Kf8
51.Bb2 Ke8 52.Bc1 Bd8 53.g5 Bf5 54.d4 Bd3 55.Ng1  1/2-1/2

[Event "BUL-ch"]
[Site "?"]
[Date "1975.??.??"]
[Round "6"]
[White "Georgiev, Krum"]
[Black "Popov, Luben"]
[Result "1-0"]
[WhiteElo "2210"]
[BlackElo "2450"]

1.e4 c5 2.Nf3 e6 3.d4 cxd4 4.Nxd4 a6 5.Nc3 b5 6.Bd3 Ne7 7.O-O Nec6 8.Nce2 Be7
9.c3 Bb7 10.f4 d6 11.Qe1 Nd7 12.Nf3 O-O 13.Kh1 Re8 14.Be3 e5 15.Rd1 Qc8 16.Qg3 Bf8
17.Bc2 Na5 18.Ng5 f6 19.Nh3 Nc4 20.Bc1 Nc5 21.b3 Nb6 22.Nf2 a5 23.Qh4 a4
24.b4 Ne6 25.Rd3 Qc4 26.fxe5 fxe5 27.Rh3 h6 28.Bd3 Qxa2 29.Ng4 Nf4 30.Nxf4 exf4
31.Bxf4 Re6 32.Rg3 Kh8 33.e5 Nd5 34.Nxh6 gxh6 35.Bxh6 Bxh6 36.Qe4 Re7 37.Qg6 Qd2
38.Rh3  1-0

[Event "BUL-ch"]
[Site "?"]
[Date "1975.??.??"]
[Round "8"]
[White "Velikov, Petar"]
[Black "Popov, Luben"]
[Result "1/2-1/2"]
[WhiteElo "2360"]
[BlackElo "2450"]

1.e4 c5 2.Nf3 e6 3.d4 cxd4 4.Nxd4 a6 5.Nc3 b5 6.Bd3 Ne7 7.O-O Nec6 8.Nxc6 Nxc6
9.Qg4 Ne5 10.Qg3 Nxd3 11.cxd3 Bb7 12.Be3 d6  1/2-1/2

[Event "URS-ch otbor"]
[Site "Cheliabinsk"]
[Date "1975.??.??"]
[Round "?"]
[White "Tseitlin, Mark D"]
[Black "Kochyev, Alexander"]
[Result "1-0"]
[WhiteElo "2200"]
[BlackElo "2465"]

1.e4 c5 2.Nf3 e6 3.Nc3 a6 4.d4 cxd4 5.Nxd4 Ne7 6.Bg5 Nbc6 7.Nb3 Qc7 8.Qd2 Ng6
9.O-O-O f6 10.Be3 Be7 11.f4 O-O 12.h4 Rf7 13.g4 b5 14.h5 Nf8 15.Kb1 Bb7 16.Bg2 Rc8
17.Qf2 Qb8 18.Ne2 a5 19.Ned4 Nxd4 20.Nxd4 b4 21.Rhe1 a4 22.Bc1 Bc5 23.Qe2 Qa7
24.Be3 Ba6 25.Qd2 d6 26.g5 fxg5 27.fxg5 Rfc7 28.Bh3 Bxd4 29.Bxd4 Qb7 30.Rc1 b3
31.Bc3 bxa2+ 32.Kxa2 a3 33.Rb1 Qa8 34.Re3 axb2 35.Kxb2 Rb8+ 36.Kc1 Rxb1+
37.Kxb1 Bc4 38.Bb2 Qa2+ 39.Kc1 Qa6 40.Rg3 Bf1 41.Bg4 Bc4 42.Ba3 Rf7 43.Qxd6 Rf1+
44.Kb2 Qb7+ 45.Bb4 Qxe4 46.Bh3 Rf2 47.Rc3 Rf4 48.Bg2 Qf5 49.Qc5 Bd5 50.Bxd5 exd5
51.Re3 Rc4 52.Qxc4 dxc4 53.Re8 c3+ 54.Ka3  1-0

[Event "DEN-ch"]
[Site "Copenhagen"]
[Date "1975.??.??"]
[Round "7"]
[White "Bjerring, Kai"]
[Black "Iskov, Gert"]
[Result "1-0"]
[WhiteElo "2395"]
[BlackElo "2410"]

1.e4 c5 2.Nf3 e6 3.d4 cxd4 4.Nxd4 a6 5.Nc3 Qc7 6.Bd3 Nc6 7.Be3 b5 8.Nb3 Nf6
9.Qe2 Ne5 10.Bd4 Bb7 11.a4 b4 12.Nb1 Bd6 13.N1d2 a5 14.Bb5 Ng6 15.Bxf6 gxf6
16.Nc4 Nf4 17.Qf3 f5 18.Nxd6+ Qxd6 19.Rd1 fxe4 20.Rxd6 exf3 21.Rxd7 Nxg2+
22.Kd2 Rd8 23.Rxd8+ Kxd8 24.Nxa5 Bd5 25.Nc6+ Bxc6 26.Bxc6 Nh4 27.Ke3 Kc7
28.Bxf3 Nxf3 29.Kxf3 Ra8 30.b3 Ra5 31.Re1 Rc5 32.Re4 Rc3+ 33.Kg2 Rxc2 34.Rxb4 Ra2
35.Rh4 Ra3 36.Rxh7 Rxb3 37.Rxf7+ Kd6 38.Rf3 Rb6 39.a5 Ra6 40.Ra3 Ke5 41.Kg3  1-0

[Event "DSV-Turnier"]
[Site "Leipzig"]
[Date "1975.??.??"]
[Round "2"]
[White "Vogt, Lothar"]
[Black "Gerusel, Mathias"]
[Result "1-0"]
[WhiteElo "2450"]
[BlackElo "2440"]

1.e4 c5 2.Nf3 e6 3.d4 cxd4 4.Nxd4 a6 5.Nc3 Qc7 6.g3 b5 7.Bg2 Bb7 8.O-O Nc6
9.Re1 d6 10.a4 Nxd4 11.Qxd4 e5 12.Nd5 Qd7 13.Qb6 Bxd5 14.exd5 bxa4 15.Re4 Rc8
16.Qxa6 Rxc2 17.Bf1 Ke7 18.Rexa4 g6 19.Bg5+ f6 20.Bb5 Qd8 21.Qb7+ Rc7 22.Ra7 fxg5
23.Qxc7+ Qxc7 24.Rxc7+ Kf6 25.Ra8 Ne7 26.Bc6 Bg7 27.Raa7 Bf8 28.b4 g4  1-0

[Event "Lone Pine"]
[Site "Lone Pine"]
[Date "1975.??.??"]
[Round "5"]
[White "Yanofsky, Daniel Abraham"]
[Black "Shamkovich, Leonid"]
[Result "1/2-1/2"]
[WhiteElo "2415"]
[BlackElo "2505"]

1.e4 c5 2.Nf3 e6 3.d4 cxd4 4.Nxd4 a6 5.Nc3 Qc7 6.Be2 Nf6 7.O-O Nc6 8.a3 Nxd4
9.Qxd4 Bd6 10.h3 b5 11.Qd3 Bh2+ 12.Kh1 Be5 13.f4 Bxc3 14.bxc3 Bb7 15.Bf3 Rc8
16.Bd2 O-O 17.e5 Nd5 18.a4 Qc4 19.Be4 g6 20.axb5 axb5 21.Ra5 Bc6 22.Qd4 Qxd4
23.cxd4 Ne3 24.Bxe3 Bxe4 25.Rxb5 Rxc2 26.Rf2 Rc3 27.Bd2 Rxh3+ 28.Kg1 Rd3
29.Bb4 Ra8 30.Bc5 h6 31.Rbb2 h5 32.Ra2 Rxa2 33.Rxa2 Kh7 34.Rb2 g5 35.fxg5 Kg6
36.Rf2 Rg3 37.Be7 Bf5 38.Rf4  1/2-1/2

[Event "Lone Pine"]
[Site "Lone Pine"]
[Date "1975.??.??"]
[Round "5"]
[White "Schmid, Lothar"]
[Black "Quinteros, Miguel A"]
[Result "0-1"]
[WhiteElo "2540"]
[BlackElo "2505"]

1.e4 c5 2.Nf3 e6 3.d4 cxd4 4.Nxd4 a6 5.Nc3 Qc7 6.g3 Bb4 7.Ne2 Nf6 8.Bg2 Be7
9.O-O O-O 10.h3 Nc6 11.Be3 b5 12.f4 Bb7 13.a3 d5 14.exd5 Rad8 15.Qe1 exd5
16.Nd4 Rfe8 17.Nce2 Bc5 18.Qc3 Bb6 19.Bf2 Nxd4 20.Nxd4 Qxc3 21.bxc3 Ba5 22.Be1 Rc8
23.a4 bxa4 24.Rxa4 Bxc3 25.Bxc3 Rxc3 26.Rb1 Bc8 27.Rb3 Rc7 28.g4 Kf8 29.Ra5 Rd8
30.Bf1 Ne4 31.Rb6 Rc3 32.Bd3 g6 33.Kg2 Rd6 34.Rxd6 Nxd6 35.Rxd5 Bb7  0-1

[Event "Lone Pine"]
[Site "Lone Pine"]
[Date "1975.??.??"]
[Round "9"]
[White "Torre, Eugenio"]
[Black "Benko, Pal C"]
[Result "1/2-1/2"]
[WhiteElo "2515"]
[BlackElo "2515"]

1.e4 c5 2.Nf3 e6 3.d4 cxd4 4.Nxd4 a6 5.Nc3 d6 6.Be2 Nf6 7.f4 Qc7 8.O-O Be7
9.Kh1 Nc6 10.Be3 Bd7 11.Qe1 b5 12.a3 O-O 13.Qg3 b4 14.axb4 Nxb4 15.Bf3 Rab8
16.e5 Ne8 17.Be4 f5 18.exf6 Nxf6 19.Bf3 Kh8 20.Ne4 Nbd5 21.Ng5 Qc8 22.Bg1 h6
23.Rae1 Nxf4 24.Qxf4 e5 25.Qg3 hxg5 26.Qxg5 Kg8 27.Bc6 Bxc6 28.Nf5 Rf7 29.Nxe7+ Rxe7
30.Rxf6 Re6 31.Rf2 Qe8 32.b3 Qg6 33.Qh4 Rf6 34.Re3 Rxf2 35.Qxf2 Rf8 36.Qe2 Bb7
37.Rg3 Qf5 38.c4 Qe4 39.Qd2 Rf1 40.h3 Qe1 41.Qxe1 Rxe1 42.Kh2 Re2 43.Bb6 Kf7
44.Bc7 Rd2 45.c5 dxc5 46.Bxe5 g6 47.Bf4 Rc2 48.h4 Kf6 49.Rg5 c4  1/2-1/2

[Event "FRG-ch International"]
[Site "Mannheim"]
[Date "1975.??.??"]
[Round "14"]
[White "Dueball, Juergen"]
[Black "Gerusel, Mathias"]
[Result "1/2-1/2"]
[WhiteElo "2455"]
[BlackElo "2440"]

1.e4 c5 2.Nf3 e6 3.d4 cxd4 4.Nxd4 a6 5.Nc3 b5 6.Bd3 Bb7 7.O-O Ne7 8.Bd2 Ng6
9.Nb3 Ne5 10.Qh5 d6 11.a4 b4 12.Ne2 Nbd7 13.Nf4 Nf6 14.Qe2 Nxd3  1/2-1/2

[Event "URS-JUG"]
[Site "Odessa"]
[Date "1975.??.??"]
[Round "4"]
[White "Gufeld, Eduard"]
[Black "Rajkovic, Dusan"]
[Result "1-0"]
[WhiteElo "2535"]
[BlackElo "2420"]

1.e4 c5 2.Nf3 e6 3.d4 cxd4 4.Nxd4 a6 5.Nc3 Nc6 6.Be2 Qc7 7.O-O Nf6 8.Be3 d6
9.a4 Be7 10.f4 O-O 11.Kh1 Bd7 12.Nb3 b6 13.Bf3 Nb4 14.Nd4 Rfd8 15.Qe2 Bc8
16.g4 Bb7 17.g5 Nd7 18.Bg2 Bf8 19.Rac1 Re8 20.Qf2 e5 21.Nf5 exf4 22.Bxf4 Ne5
23.Rcd1 Rac8 24.Rd4 Qc5 25.Bxe5 dxe5 26.Nh6+ gxh6 27.Qxf7+ Kh8 28.Rd7 Re7
29.Qf6+ Kg8 30.Bh3 Qc6 31.Rxe7 Qxf6 32.gxf6  1-0

[Event "URS-chT"]
[Site "Riga"]
[Date "1975.??.??"]
[Round "?"]
[White "Katalymov, Boris N"]
[Black "Voskanian, Vahagn"]
[Result "1-0"]
[WhiteElo "2410"]
[BlackElo "2200"]

1.e4 c5 2.Nf3 e6 3.Nc3 a6 4.d4 cxd4 5.Nxd4 Qc7 6.Be2 Nf6 7.O-O Nc6 8.Nxc6 bxc6
9.f4 d5 10.e5 Nd7 11.Qe1 Be7 12.Nd1 c5 13.c4 d4 14.Bd2 Bb7 15.Ba5 Qc8 16.Qg3 O-O
17.Qh3 f5 18.g4 g6 19.g5 Bxg5 20.fxg5 Nxe5 21.Nf2 Qc6 22.b4 Nf7 23.bxc5 Nxg5
24.Qg3 Nf7 25.Rab1 f4 26.Qh3 Rae8 27.Rb6 Qxc5 28.Rxb7 Qxa5 29.Ne4 Qe5 30.Bd3 Rb8
31.Rfb1 Rxb7 32.Rxb7 f3 33.Qh4 h6 34.Qf6 f2+ 35.Kf1 Qf5 36.Qxf5 gxf5 37.Nf6+ Kh8
38.h4 e5 39.Bxf5  1-0

[Event "URS-chT"]
[Site "Riga"]
[Date "1975.??.??"]
[Round "?"]
[White "Sideif Sade, Fikret I"]
[Black "Vooremaa, Andres"]
[Result "0-1"]
[WhiteElo "2200"]
[BlackElo "2415"]

1.e4 c5 2.Nf3 e6 3.d4 cxd4 4.Nxd4 a6 5.Nc3 Qc7 6.g3 Nc6 7.Bg2 b5 8.O-O Bb7
9.Re1 d6 10.Bg5 h6 11.Nd5 exd5 12.Nxc6 hxg5 13.exd5+ Be7 14.a4 Bxc6 15.dxc6 b4
16.c3 Rb8 17.cxb4 Rxb4 18.Ra3 g4 19.Rae3 Rh5 20.h3 Kf8 21.hxg4 Re5 22.Rxe5 dxe5
23.Qe2 Bd6 24.f4 Qb6+ 25.Kh1 Bc7 26.fxe5 Rxb2 27.Qe4 Qb3 28.Qf4 Qc2 29.Rg1 Qh7+  0-1

[Event "URS-chT"]
[Site "Riga"]
[Date "1975.??.??"]
[Round "?"]
[White "Kaiumov, Dmitry D"]
[Black "Suetin, Alexey S"]
[Result "1/2-1/2"]
[WhiteElo "2200"]
[BlackElo "2520"]

1.e4 c5 2.Nf3 e6 3.d4 cxd4 4.Nxd4 a6 5.Nc3 Qc7 6.Be2 Nf6 7.O-O Bb4 8.Qd3 Nc6
9.Kh1 O-O 10.f4 d6 11.Bf3 Nxd4 12.Qxd4 Bc5 13.Qd3 Bd7 14.e5 dxe5 15.fxe5 Qxe5
16.Bxb7 Ra7 17.Bf4 Qh5 18.Bxa6 e5 19.Bg3 e4 20.Qe2 Bg4 21.Qb5 Bd7 22.Qe2 Bg4
23.Qb5 Bd7  1/2-1/2

[Event "Rimavska Sobota"]
[Site "Rimavska Sobota"]
[Date "1975.??.??"]
[Round "4"]
[White "Ghinda, Mihail Viorel"]
[Black "Kupka, Slavoj"]
[Result "1-0"]
[WhiteElo "2300"]
[BlackElo "2360"]

1.e4 c5 2.Nf3 e6 3.d4 cxd4 4.Nxd4 a6 5.Nc3 Qc7 6.Be3 Nc6 7.f4 d6 8.Qf3 Nxd4
9.Bxd4 Ne7 10.Bd3 Nc6 11.Be3 b5 12.O-O Bb7 13.Qh3 Be7 14.Rae1 Nb4 15.a3 Nxd3
16.cxd3 O-O 17.f5 Bf6 18.fxe6 Bxc3 19.Rc1 Qe7 20.exf7+ Rxf7 21.Rxf7 Qxf7
22.Rxc3 Rf8 23.Rc1 d5 24.e5 Qe8 25.Qg3 Bc8 26.h3 Bf5 27.Bc5 Rf7 28.Bd6 h6
29.Rc5 Be6 30.Kh2 Kh7 31.Rc2 Rf1 32.Bc5 Qh5 33.Rf2 Rxf2 34.Bxf2 Qg5 35.Qxg5 hxg5
36.Kg3 Kg6 37.Kf3 Kf5 38.Bd4 Bf7 39.g4+ Ke6 40.Ke3 Bg6 41.Bc3 Kd7 42.Kd4 Kc6
43.Bd2 Bf7 44.Bxg5 a5 45.Bd8 a4 46.Be7 Be6 47.Bf8 g6 48.Ke3 Kd7 49.d4 Ke8
50.Bh6 Kf7 51.Kf4 Bd7 52.Bg5 Be6 53.Bf6 Ke8 54.Kg5 Kf7 55.h4 Bd7 56.h5 gxh5
57.gxh5  1-0

[Event "Rimavska Sobota"]
[Site "Rimavska Sobota"]
[Date "1975.??.??"]
[Round "5"]
[White "Horvath, Tamas"]
[Black "Velikov, Petar"]
[Result "0-1"]
[WhiteElo "2200"]
[BlackElo "2430"]

1.e4 c5 2.Nf3 e6 3.d4 cxd4 4.Nxd4 a6 5.Nc3 Qc7 6.Be2 Nf6 7.O-O Be7 8.Bg5 O-O
9.Kh1 d6 10.Qd3 Nc6 11.Nxc6 bxc6 12.f4 a5 13.Qg3 Ne8 14.Bxe7 Qxe7 15.e5 d5
16.Rae1 Nc7 17.Bd3 Ba6 18.Ne2 c5 19.f5 exf5 20.Nf4 Bxd3 21.Nh5 Ne8 22.Qxd3 g6
23.Nf4 Nc7 24.Nxd5 Nxd5 25.Qxd5 Rad8 26.Qb3 Qe6 27.Qc3 Rd5 28.Qxa5 Rxe5 29.b3 Re2
30.Qc3 Re8 31.Rxe2 Qxe2 32.Kg1 c4 33.Qxc4 Qxc4 34.bxc4 Ra8 35.Rf3 Rxa2 36.Rc3 Kf8
37.c5 Ke7 38.c6 Ra8 39.Kf2 Kd6 40.c7 Rc8 41.Ke3 Rxc7 42.Rd3+ Ke6 43.Rd2 g5
44.g3 Ke5 45.Re2 Rc4 46.Kd3+ Re4 47.Rf2 f4 48.gxf4+ Rxf4 49.Rxf4 Kxf4 50.Kc4 Ke5  0-1

[Event "SWE-ch"]
[Site "?"]
[Date "1975.??.??"]
[Round "?"]
[White "Schneider, Lars Ake"]
[Black "Uddenfeldt, Dan"]
[Result "1/2-1/2"]
[WhiteElo "2380"]
[BlackElo "2280"]

1.e4 c5 2.Nf3 e6 3.d4 cxd4 4.Nxd4 a6 5.Nc3 Qc7 6.Be2 Nf6 7.O-O Nc6 8.Be3 Bb4
9.Na4 O-O 10.Nxc6 bxc6 11.Nb6 Rb8 12.Nxc8 Rfxc8 13.Bxa6 Rd8 14.Bd3 Bd6 15.Kh1 Be5
16.c3 Rxb2 17.Qc1 Ng4 18.f4 Nxe3 19.Qxb2 Bxf4 20.Qf2 Nxf1 21.Rxf1 e5 22.g3 Qd6
23.Be2 Bg5 24.Qxf7+ Kh8 25.Bg4 g6 26.Rd1 Qe7 27.Qxe7 Bxe7 28.Rxd7 Rxd7 29.Bxd7 c5
30.Kg2 Bd8 31.Kf3 Ba5 32.Ke3 Bxc3 33.Kd3 Be1 34.Kc4 Kg7 35.Kd5 Kf6 36.Bb5 c4
37.Bxc4 h5 38.a4 g5 39.Be2 h4 40.g4 Bd2 41.Kd6 Be1 42.Bc4 Bd2 43.h3 Be1 44.Be6 Bd2
45.Bf5 Be1 46.Kd5 Bd2  1/2-1/2

[Event "Szolnok"]
[Site "Szolnok"]
[Date "1975.??.??"]
[Round "9"]
[White "Pinter, Jozsef"]
[Black "Rajna, George"]
[Result "1-0"]
[WhiteElo "2410"]
[BlackElo "2405"]

1.e4 c5 2.Nf3 e6 3.d4 cxd4 4.Nxd4 a6 5.Nc3 Nc6 6.Be3 Qc7 7.Bd3 Bd6 8.g3 Nf6
9.Nb3 h5 10.Qe2 Ng4 11.Bd2 b5 12.a3 Bb7 13.f4 b4 14.axb4 Nxb4 15.Na5 Bc5
16.Rf1 Nxd3+ 17.cxd3 Rb8 18.Na4 Bd4 19.Rc1 Bc6 20.h3 Nf6 21.b4 O-O 22.g4 h4
23.Rf3 Rfc8 24.Nxc6 dxc6 25.Kf1 Qe7 26.Rc4 c5 27.Kg2 e5 28.bxc5 Nd7 29.fxe5 Bxc5
30.Nxc5 Nxc5 31.d4 Ne6 32.Be3 Rxc4 33.Qxc4 Rb2+ 34.Bf2 g5 35.Qxa6 Qc7 36.Qd6 Qc2
37.Qe7 Nf4+ 38.Kh2 Qxf2+ 39.Rxf2 Rxf2+ 40.Kg1 Nxh3+ 41.Kh1 Kh8 42.d5 Nf4
43.d6 h3  1-0

[Event "Capablanca mem-A 13th"]
[Site "Cienfuegos"]
[Date "1976.05.23"]
[Round "7"]
[White "Vogt, Lothar"]
[Black "Honfi, Karoly"]
[Result "1-0"]
[WhiteElo "2480"]
[BlackElo "2460"]

1.e4 c5 2.Nf3 e6 3.d4 cxd4 4.Nxd4 a6 5.Nc3 Qc7 6.g3 Bb4 7.Bd2 Nf6 8.Bg2 Nc6
9.Nxc6 bxc6 10.O-O O-O 11.Re1 e5 12.Nd5 Nxd5 13.exd5 Rb8 14.b3 c5 15.d6 Qxd6
16.Bxb4 Qxd1 17.Raxd1 cxb4 18.Rxe5 Rd8 19.Rd4 Kf8 20.Ree4 a5 21.Re5 Re8 22.Rxe8+ Kxe8
23.Rd5 Ke7 24.Re5+ Kf6 25.Re8 g5 26.Be4 h5 27.h4 gxh4 28.gxh4 Kg7 29.Bf3 d5
30.Bxd5 Rb5 31.Bc6  1-0

[Event "Capablanca mem-B 13th"]
[Site "Cienfuegos"]
[Date "1976.05.25"]
[Round "9"]
[White "Pineda, Boris"]
[Black "Szmetan, Jorge"]
[Result "0-1"]
[WhiteElo "2200"]
[BlackElo "2450"]

1.e4 c5 2.Nf3 e6 3.d4 cxd4 4.Nxd4 a6 5.Nc3 Qc7 6.Be2 Nf6 7.O-O Nc6 8.Kh1 Be7
9.f4 d6 10.Be3 O-O 11.a4 Bd7 12.Nb3 b6 13.Bf3 Rab8 14.g4 Rfc8 15.g5 Ne8 16.f5 Ne5
17.Bg2 b5 18.axb5 axb5 19.Nd4 b4 20.Nb1 Nc4 21.Bc1 e5 22.Nb3 Qb6 23.Rf3 d5
24.Qxd5 Ned6 25.Qd3 Bb5 26.f6 Bd8 27.Rh3 Qf2 28.Qg3 Qxc2 29.N1d2 Bd7 30.Rxh7 Kxh7
31.Qh4+ Kg8 32.fxg7 Kxg7 33.Nf1 Kg8 34.Ra7 Rb7 35.Rxb7 Nxb7 36.Qh6 Rc6 37.Qh5 Qxb3
38.Ng3 Rd6  0-1

[Event "Capablanca mem-A 13th"]
[Site "Cienfuegos"]
[Date "1976.05.31"]
[Round "15"]
[White "Sznapik, Aleksander"]
[Black "Honfi, Karoly"]
[Result "0-1"]
[WhiteElo "2390"]
[BlackElo "2460"]

1.e4 c5 2.Nf3 e6 3.d4 cxd4 4.Nxd4 a6 5.Nc3 Qc7 6.g3 Nf6 7.Bg2 d6 8.O-O Be7
9.Re1 O-O 10.Qe2 Rd8 11.Be3 Nc6 12.Qc4 Ne8 13.Rad1 Bd7 14.f4 b5 15.Qd3 Nxd4
16.Bxd4 b4 17.Nb1 e5 18.Bf2 Nf6 19.h3 Bb5 20.Qd2 a5 21.c3 Bc6 22.c4 Qb7 23.Qe2 g6
24.Nd2 Bf8 25.Qf3 exf4 26.Qxf4 Nh5 27.Qf3 Bg7 28.g4 Nf6 29.Bh4 Nd7 30.Bxd8 Rxd8
31.Nb3 Qc7 32.Qf2 Ba4 33.Rd5 Be5 34.Rf1 Rf8 35.Kh1 Bxb3 36.axb3 Nc5 37.Qe3 Bxb2
38.Rd2 Bc3 39.Rdf2 Be5 40.h4 Ne6 41.Rd2 Qe7 42.g5 h6 43.Bh3 hxg5 44.Rg2 gxh4
45.Ra2 Qg5 46.Qf3 Nd4 47.Qd3 Qg3 48.Qxg3 hxg3 49.Rxa5 Nxb3 50.Rb5 Nd2 51.Re1 Nxc4
52.Rxb4 Bc3 53.Rxc4 Bxe1 54.Rc8 Rxc8 55.Bxc8 Kg7 56.Kg2 Kf6 57.Kf3 Ke5 58.Bb7 f5
59.exf5 gxf5 60.Ke2 Bf2 61.Kf3 d5 62.Bc8 f4 63.Bd7 Be3 64.Be8 Kd4 65.Bf7 Kc4
66.Bg6 Kb4 67.Bf7 d4 68.Bd5 d3 69.Be4 Kc3  0-1